Statistics for Countries of Europe in 1453 with a Map

Click here to take the quiz!

General Stats

  • This quiz has been taken 6,811 times
    (2,240 since last reset)
  • The average score is 96 of 793

Answers on the Map

Answers color-coded by a green-red scale on the quiz's map according to % correct below.
 

Answer Stats

Countries% Correct
England
94%
Norway
94%
Sweden
94%
Portugal
93%
Scotland
93%
Denmark
91%
Ottoman Sultanate
90%
Byzantine Empire
89%
Poland
86%
Hungary
85%
France
(Royal Domain)
83%
Lithuania
79%
Serbia
79%
Aragon
78%
Austria
78%
Castile
78%
Venice
77%
Bavaria-Munich
74%
Brittany
74%
Bohemia
73%
Croatia
73%
Papal States
73%
Bavaria-Ingolstadt
71%
Bavaria-Landshut
70%
Bosnia
70%
Moldavia
70%
Crimea
68%
Muscovy
68%
Wales
67%
Genoa
66%
Saxony
62%
Milan
61%
Reuss-Gera
60%
Granada
59%
Hamburg
59%
Reuss-Plauen
59%
Reuss-Greiz
58%
Florence
57%
Wallachia
57%
Holland
56%
Novgorod
56%
Athens
55%
Navarra
55%
San Marino
55%
Burgundy
(County)
54%
Flanders
54%
Brandenburg
(Electorate)
53%
Brandenburg
(Prince-Bishopric)
53%
Burgundy
(Duchy)
53%
Holstein-Pinneberg-Schauenburg
53%
Holstein-Rendsburg
53%
Zeta
53%
Great Horde
52%
Andorra
51%
Moravia
50%
Teutonic Order
49%
Luxembourg
48%
Württemberg-Stuttgart
47%
Béarn
46%
Cologne
(Electorate)
46%
Cologne
(Free City)
46%
Frankfurt
46%
Bern
45%
Provence
45%
Riga
(Archbishopric)
45%
Riga
(City)
45%
Baden
(County)
44%
Baden
(Margraviate)
44%
Bremen
(Free City)
44%
Bremen
(Prince-Archbishopric)
44%
Knights Hospitaller
44%
Livonian Order
44%
Munster
(Free City)
44%
Munster
(Irish Kingdom)
44%
Münster
(Prince-Bishopric)
44%
Geneva
43%
Hesse
42%
Pomerania-Stettin
42%
Savoy
42%
Zürich
42%
Mecklenburg-Schwerin
41%
Pomerania-Wolgast
41%
Ragusa
41%
Saint Sava
41%
Schleswig
41%
Mecklenburg-Stargard
40%
Pomerania-Stolp
40%
Württemberg-Urach
40%
Pomerania-Barth
39%
Monaco
38%
Salzburg
38%
Tyrol
38%
Bar
36%
Warsaw
36%
Orkney
35%
Bologna
34%
Kazan
34%
Lorraine
33%
Lübeck
(Free City)
32%
Lübeck
(Prince-Bishopric)
32%
Utrecht
32%
Brabant
31%
Circassia
31%
Modena
31%
Oldenburg
31%
Styria
31%
Anhalt
30%
Anhalt-Dessau
30%
Anhalt-Köthen
30%
Kabardia
30%
Nuremberg
30%
Basel
(Free City)
29%
Basel
(Prince-Bishopric)
29%
Great Perm
29%
Orléans
29%
Pskov
29%
Aachen
28%
Cephalonia and Zakynthos
27%
Lucca
27%
Mainz
27%
Liège
26%
Siena
26%
Augsburg
(Free City)
25%
Augsburg
(Prince-Bishopric)
25%
Naxos
25%
Palatinate
25%
Palatinate-Mosbach-Neumarkt
25%
Palatinate-Simmern
25%
Palatinate-Zweibrücken
25%
Thuringia
25%
Ulm
25%
Courland
24%
Dresden
24%
Leinster
24%
Nassau-Wiesbaden
24%
Thomond
24%
Dortmund
23%
Nogai
23%
Strasbourg
(Free City)
23%
Strasbourg
(Prince-Bishopric)
23%
Trieste
23%
Wrocław
23%
Nassau-Beilstein
22%
Nassau-Dillenburg
22%
Nassau-Weilburg
22%
Ryazan
22%
Trier
22%
Anjou
21%
Essen
21%
Guelders
21%
Reval
21%
Toul
(Free City)
21%
Toul
(Prince-Bishopric)
21%
Auvergne
20%
Couto Misto
20%
Ferrara
20%
Jülich-Berg
20%
Magdeburg
20%
Theodoro
20%
Trent
20%
Tver
20%
Mantua
18%
Rostov
18%
Foix
17%
Groningen
17%
Lüneburg
17%
Nevers
17%
Tyrone
17%
Bourbonnais
16%
Lausanne
16%
Limburg
16%
Lucerne
16%
Metz
(Free City)
16%
Metz
(Prince-Bishopric)
16%
Ösel-Wiek
16%
Würzburg
16%
Hainaut
15%
Lippe
15%
Maine
15%
Mayo
15%
Ossetia
15%
Regensburg
(Free City)
15%
Regensburg
(Prince-Bishopric)
15%
Taranto
15%
Ancona
14%
Cleves
14%
Dorpat
14%
Hohenzollern
14%
Orange
14%
Powys
14%
Sligo
14%
Urbino
14%
Avaria
13%
Bamberg
13%
Montferrat
13%
Schwyz
13%
St. Gallen
13%
Uri
13%
Artois
12%
Beloozero
12%
Biel
12%
Cilli
12%
Desmond
12%
Dithmarschen
12%
Kildare
12%
Lauenburg
12%
Namur
12%
Osnabrück
12%
Passau
12%
Seven Tithings
12%
Worms
(Free City)
12%
Worms
(Prince-Bishopric)
12%
Yaroslavl
12%
Zug
12%
Neuchâtel
11%
Perugia
11%
Saarbrücken
11%
Armagnac
10%
Gorizia
10%
Konstanz
(Free City)
10%
Konstanz
(Prince-Bishopric)
10%
Massa
10%
Ormond
10%
Rimini
10%
Saluzzo
10%
Schwerin
10%
Verden
10%
Verdun
10%
Ansbach
9%
Blois
9%
Głogów
9%
Hall
9%
Narbonne
9%
Paderborn
9%
Schwarzburg
9%
Tyrconnell
9%
Vaud
9%
Bayreuth
8%
Cambrai
8%
Cospaia
8%
Ermland
8%
Krk
8%
La Marche
8%
Legnica
8%
Limoges
8%
Odoyev
8%
Ravensburg
8%
Solms-Lich
8%
Appenzell
7%
Besançon
7%
Brixen
7%
Eu
7%
Freising
7%
Fulda
7%
Glarus
7%
Göttingen
7%
Haag
7%
Lusatia
7%
Memmingen
7%
Oświęcim
7%
Płock
7%
Schaffhausen
7%
Solothurn
7%
Speyer
(Free City)
7%
Speyer
(Prince-Bishopric)
7%
Ten Jurisdictions
7%
Vaduz
7%
Valois
7%
Waldeck
7%
Alençon
6%
Angoulême
6%
Boulogne
6%
Bregenz
6%
Clermont
6%
Forlì
6%
Glamorgan
6%
Goslar
6%
Monmouth
6%
Pembroke
6%
Piombino
6%
Qasim
6%
Rothenburg
6%
Sion
6%
Aalen
5%
Ameland
5%
Asti
5%
Bentheim
5%
Brzeg
5%
Cammin
5%
Cieszyn
5%
Clanricarde
5%
Cottbus
5%
Derbent
5%
Fermanagh
5%
Finale
5%
Hildesheim
5%
Hoya
5%
Nemours
5%
Opava
5%
Pyrmont
5%
Ruppin
5%
Tarki
5%
Terschelling
5%
Westmeath
5%
Bełz
4%
Berchtesgaden
4%
Bergen
4%
Chiny
4%
Denbigh
4%
Fermo
4%
Flint
4%
Forez
4%
Fürstenberg
4%
Gruyères
4%
Hanau
4%
Heilbronn
4%
Hohenlohe
4%
Kempten
(Free City)
4%
Kempten
(Princely Abbey)
4%
Kulm
4%
Lindau
4%
Minden
4%
Monaghan
4%
Montbéliard
4%
Noli
4%
Nysa
4%
Oleśnica
4%
Oryol
4%
Pallars Sobirà
4%
Perigord
4%
Pesaro
4%
Poli
4%
Poljica
4%
Pomesania
4%
Pont
4%
Racibórz
4%
Ratzeburg
4%
Rethel
4%
Reutlingen
4%
Roscommon
4%
Rottweil
4%
Samland
4%
Senarica
4%
Sora
4%
Stavelot-Malmedy
4%
Świdnica
4%
Tecklenburg
4%
Tournai
4%
Unterwalden
4%
Vermandois
4%
Wolfenbüttel
4%
Ziębice
4%
Abergavenny
3%
Airgíalla
3%
Albret
3%
Bitsch
3%
Brecon
3%
Bytom
3%
Didoya
3%
Diepholz
3%
Durdzuki
3%
East Breffny
3%
Eichstätt
3%
Ellwangen
3%
Engelberg
3%
Enghien
3%
Erbach
3%
Esslingen
3%
Faenza
3%
Friedberg
3%
Głogówek-Prudnik
3%
God's House
3%
Gower
3%
Grey League
3%
Guastalla
3%
Halberstadt
3%
Havelberg
3%
Henneberg
3%
Hersfeld
3%
Hohenburg
3%
Hoorn
3%
Imola
3%
Isenburg
3%
Kastell
3%
Landau
3%
Laval
3%
Lebus
3%
Leuchtenberg
3%
Lichtenberg
3%
Limpurg
3%
Malmyzh
3%
Mansfeld
3%
Merseburg
3%
Mesocco
3%
Mühlhausen
3%
Öttingen
3%
Perche
3%
Radnor
3%
Rylsk
3%
Saint-Pol
3%
Sancerre
3%
Sargans
3%
Sayn
3%
Schaunberg
3%
Schonburg
3%
Schweinfurt
3%
Ścinawa
3%
Sette Comuni
3%
Sigmaringen
3%
Solms-Braunfels
3%
Sovana
3%
Spani
3%
Toggenburg
3%
Tonnerre
3%
Tresana
3%
Vaudémont
3%
Vendôme
3%
Waldburg
3%
Weil
3%
Werden
3%
West Breffny
3%
Wittgenstein
3%
Żagań
3%
Abensberg
2%
Aguler
2%
Akhty
2%
Almelo
2%
Anafi
2%
Aremberg
2%
Arianiti
2%
Arlay
2%
Astarac
2%
Baer
2%
Bagnone
2%
Ballymote
2%
Barby
2%
Baruth
2%
Batenburg
2%
Beeskow
2%
Beichlingen
2%
Bellelay
2%
Belley
2%
Belyov
2%
Bergh
2%
Bielsko
2%
Blaenllynfi
2%
Blâmont
2%
Blankenburg
2%
Bobbio
2%
Bopfingen
2%
Borculo
2%
Boxmeer
2%
Bracciano
2%
Bromfield
2%
Buchau
2%
Büdingen
2%
Builth
2%
Buren
2%
Busalla
2%
Butjadingen
2%
Caerleon
2%
Cairo
2%
Caldecote
2%
Calenberg
2%
Camerino
2%
Campo
2%
Cantref Bychan
2%
Capranica
2%
Carbery
2%
Carnwyllion
2%
Carpegna
2%
Carpi
2%
Caus
2%
Cavanna
2%
Cemais
2%
Chatellerault
2%
Chepstow
2%
Chirk
2%
Cilgerran
2%
Citta di Castello
2%
Clandeboye
2%
Clifford
2%
Clun
2%
Cocconato
2%
Colonna
2%
Comborn
2%
Condat
2%
Coreggio
2%
Corvey
2%
Costello
2%
Dagsburg
2%
Dargin
2%
Degenberg
2%
Dinkelsbühl
2%
Dolceacqua
2%
Duhallow
2%
Dukagjini
2%
Dunois
2%
Dyffryn Clwyd
2%
Eberstein
2%
Elci
2%
Elfael
2%
Elisu
2%
Emlyn
2%
Ems
2%
Engen
2%
Eppstein
2%
Escartons
2%
Ewyas
2%
Federgo
2%
Fivelingo
2%
Fleckenstein
2%
Freiamt
2%
Freudenberg
2%
Gallen
2%
Gastein
2%
Gazoldo
2%
Geroldseck
2%
Gersau
2%
Giengen
2%
Glan
2%
Gleichen
2%
Głubczyce
2%
Gmünd
2%
Gostynin
2%
Grubenhagen
2%
Guise
2%
Hadeln
2%
Hagenau
2%
Hajnów
2%
Haverford
2%
Hawarden
2%
Hay
2%
Heideck
2%
Heinsberg
2%
Helfenstein
2%
Herford
2%
Hohensax
2%
Hohnstein
2%
Hopedale
2%
Humsterland
2%
Hunsingo
2%
Huntingdon
2%
Hymany
2%
Is Cennen
2%
Isny
2%
Itter
2%
Iveagh
2%
Jagoldai
2%
Jawor
2%
Kastrioti
2%
Katzenelnbogen
2%
Kaufbeuren
2%
Kidwelly
2%
Kirchheim
2%
Klettgau
2%
Königsegg
2%
Kornelimünster
2%
Krnov
2%
Krosno
2%
Kuilenburg
2%
Kura
2%
Laugharne
2%
Leiningen
2%
Leisnig
2%
Leventina
2%
Llansteffan
2%
Llawhaden
2%
Lodrone
2%
Longueville
2%
Lupoglav
2%
Lure
2%
Luxeuil
2%
Maelienydd
2%
Maelor Saesneg
2%
Manderscheid
2%
Mansur
2%
Maro
2%
Maulbronn
2%
Megen
2%
Messerano
2%
Mikulino
2%
Mirandola
2%
Misia
2%
Moki
2%
Mondsee
2%
Mörs
2%
Mosalsk
2%
Moylurg
2%
Mozhaysk
2%
Mulazzo
2%
Murbach
2%
Muskau
2%
Muskerry
2%
Narberth
2%
Naugard
2%
Nellenburg
2%
Neuenahr
2%
Nienburg
2%
Obolensk
2%
O'Cahan
2%
Ochsenhausen
2%
Oldambt
2%
Oneglia
2%
Orlamünde
2%
Ostergo
2%
Östringen
2%
Oswestry
2%
Ottieri
2%
Ottobeuren
2%
Owill
2%
Pardiac
2%
Parthenay
2%
Pebidiog
2%
Pfullendorf
2%
Pontecorvo
2%
Ponthieu
2%
Pontremoli
2%
Pronsk
2%
Prüm
2%
Przewóz
2%
Pszczyna
2%
Quedlinburg
2%
Querfurt
2%
Rapperswil
2%
Rappoltstein
2%
Raugrave
2%
Reifferscheid
2%
Richard's Castle
2%
Rieneck
2%
Rietberg
2%
Rolo
2%
Saarwerden
2%
Sabbioneta
2%
Sabina
2%
Salem
2%
San Giulio
2%
Santa Fiora
2%
Santa Maria
2%
Sant'Ambrogio
2%
Sassetta
2%
Sausenberg
2%
Savorgnan
2%
Schwarzenberg
2%
Schwarzenburg
2%
Scuria
2%
Senigallia
2%
Serpukhov
2%
Sorau
2%
Soroca
2%
Spiegelberg
2%
Spigno
2%
Stapleton
2%
St Clears
2%
Stolberg
2%
Strzelce
2%
Tabasaran
2%
Temnikov
2%
Tenda
2%
Tethbae
2%
Teupitz
2%
The Glens
2%
Thorn
2%
Torriglia
2%
Toszek
2%
Tregrug
2%
Trelech
2%
Trubchevsk
2%
Turenne
2%
Überlingen
2%
Urseren
2%
Usk
2%
Uznach
2%
Valperga
2%
Ventadour
2%
Vernio
2%
Vertus
2%
Vetluzh
2%
Vianden
2%
Vianen
2%
Villafranca
2%
Vorotynsk
2%
Vyatka
2%
Wangen
2%
Weingarten
2%
Weißenburg im Nordgau
2%
Weißenburg in Elsaß
2%
Wertheim
2%
Westergo
2%
Wied
2%
Wiedemund
2%
Wigmore
2%
Wildenburg
2%
Wimpfen
2%
Windsheim
2%
Wisch
2%
Wittem
2%
Wolkenstein
2%
Wunstorf
2%
Wursten
2%
Ystlwyf
2%
Yuma
2%
Zadrima
2%
Zator
2%
Zell
2%
Zevenwouden
2%
Ziegenhain
2%
Zossen
2%
Zwiefalten
2%
Aschach
1%
Badonviller
1%
Barolo
1%
Bekem
1%
Blankenhain
1%
Breuberg
1%
Burtscheid
1%
Calice
1%
Chitignano
1%
Coolavin
1%
Cremolino
1%
Cwmwd Deuddwr
1%
Ehrenfels
1%
Elchingen
1%
Fieschi
1%
Fivizzano
1%
Fruttuaria
1%
Gaster
1%
Gutenzell
1%
Gwynllwg
1%
Gwytheyrnion
1%
Hardenburg
1%
Harlingerland
1%
Heggbach
1%
Herrenalb
1%
Hohenwaldeck
1%
Hoyerswerda
1%
Incisa
1%
Irsee
1%
Kessenich
1%
Kriebstein
1%
Langewold
1%
Lauterstein
1%
Leutenberg
1%
Luighne
1%
Marchtal
1%
Meshchevsk
1%
Michaelsberg
1%
Millesimo
1%
Mindelheim
1%
Mombercelli
1%
Montedoglio
1%
Moormerland
1%
Moyola
1%
Muintir Eolais
1%
Ovada
1%
Parsberg
1%
Plesse
1%
Prególa
1%
Reichenau
1%
Remda
1%
Rhinegrave
1%
Rothenfels
1%
Ruinen
1%
Runkel
1%
Sassello
1%
Sassoferrato
1%
Schöntal
1%
Schussenried
1%
Sonnewalde
1%
Stedesdorf
1%
Styrum
1%
Tettau
1%
Tettnang
1%
Tireragh
1%
Trauchburg
1%
Uí Failghe
1%
Varzi
1%
Virneburg
1%
Volkonsk
1%
Vredewold
1%
Waldau
1%
Waldsassen
1%
Walkenried
1%
Wallerstein
1%
Warberg
1%
Weinsberg
1%
Westerwolde
1%
Wiekrath
1%
Wiesensteig
1%
Wildenfels
1%
Wolfach
1%
Wolfstein
1%
Zuccarello
1%

Score Distribution

Percentile by Number Answered

Percent of People with Each Score

Your Score History

You have not taken this quiz since the last reset